|
|
|
|
| LEADER |
01091nam a2200289 a 4500 |
| 001 |
561057 |
| 003 |
BD-DhAAL |
| 008 |
091022s1987 bg l 000 0 eng d |
| 010 |
|
|
|a 88905758
|
| 040 |
|
|
|a DLC
|c DLC
|d DLC
|d BD-DhAAL
|
| 082 |
|
|
|a 346.5492
|2 20
|
| 100 |
1 |
|
|a Matin, Abdul,
|d 1945-
|9 60745
|
| 110 |
1 |
|
|a Bangladesh.
|
| 240 |
1 |
0 |
|a Muslim family laws ordinance, 1961
|
| 245 |
1 |
4 |
|a The muslim family laws ordinance, 1961 /
|c Abdul Matin.
|
| 250 |
|
|
|a First edition.
|
| 260 |
|
|
|a Dhaka :
|b Palak Publishers,
|c 1987.
|
| 300 |
|
|
|a 94 pages ;
|c 22 cm.
|
| 500 |
|
|
|a "Muslim Family Laws Rules, 1961": p. 90-99.
|
| 541 |
1 |
|
|e 00010151
|
| 650 |
|
0 |
|a Domestic relations (Islamic law)
|9 59239
|
| 650 |
|
0 |
|a Domestic relations
|z Bangladesh.
|
| 700 |
1 |
|
|a Matin, Abdul,
|d 1945-
|9 60745
|
| 852 |
4 |
|
|a Ayesha Abed Library
|j General Shelf
|
| 942 |
0 |
0 |
|0 1
|2 ddc
|c BK
|
| 999 |
|
|
|c 5078
|d 5078
|
| 952 |
|
|
|0 0
|1 0
|2 ddc
|4 0
|6 346_549200000000000_MAT_1991
|7 0
|9 4925
|a BRACUL
|b BRACUL
|c GEN
|d 2009-11-03
|g 0.00
|l 8
|m 50
|o 346.5492 MAT
|p 3010010151
|r 2022-06-08
|s 2022-02-13
|t 1
|w 2009-11-03
|y BK
|x No price found in the accession register.
|